Statistics for Only The Young - Taylor Swift (All lyrics)

Click here to take the quiz!

General Stats

  • This quiz has been taken 32 times
  • The average score is 180 of 218

Answer Stats

Answer% Correct
a
100%
on
100%
the
100%
The
100%
You
100%
you
100%
And
95%
and
95%
go
95%
Only
95%
only
95%
that
95%
young
95%
be
90%
Can
90%
can
90%
it
90%
It
90%
news
90%
one
90%
run
90%
So
90%
so
90%
they
90%
They
90%
to
90%
We
90%
all
86%
But
86%
face
86%
it's
86%
It's
86%
look
86%
me
86%
think
86%
this
86%
your
86%
are
81%
do
81%
heard
81%
in
81%
keeps
81%
moment
81%
ones
81%
over
81%
right
81%
scared
81%
they're
81%
time
81%
Too
81%
too
81%
where
81%
wrong
81%
awake
76%
for
76%
game
76%
got
76%
just
76%
of
76%
thing
76%
us
76%
were
76%
best
71%
busy
71%
could
71%
did
71%
gonna
71%
help
71%
how
71%
ref
71%
save
71%
their
71%
TV
71%
was
71%
aren't
67%
begun
67%
class
67%
every
67%
helping
67%
hiding
67%
man
67%
Oh
67%
rigged
67%
spot
67%
tricked
67%
would
67%
you're
67%
You're
67%
You've
67%
big
62%
change
62%
forget
62%
his
62%
matter
62%
now
62%
themselves
62%
Wondering
62%
bad
57%
clan
57%
day
57%
Don't
57%
frozen
57%
gotta
57%
hands
57%
inside
57%
ourselves
57%
outnumbered
57%
quickly
57%
red
57%
say
57%
sound
57%
fight
52%
stained
52%
with
52%
tired
48%
brace
43%
there's
43%
Up
43%
finish
38%
line
38%
screaming
38%

Score Distribution

Percentile by Number Answered

Percent of People with Each Score

Your Score History

You have not taken this quiz